Transcriptome profiling reveals genetic basis of disease resistance against Corynespora cassiicola in rubber tree (Hevea brasiliensis) (Record no. 71468)

MARC details
000 -LEADER
fixed length control field 00689nam a2200229Ia 4500
100 ## - MAIN ENTRY--AUTHOR NAME
Personal name Roy C.B
245 #0 - TITLE STATEMENT
Title Transcriptome profiling reveals genetic basis of disease resistance against Corynespora cassiicola in rubber tree (Hevea brasiliensis)
260 ## - PUBLICATION, DISTRIBUTION, ETC. (IMPRINT)
Name of publisher Current Plant Biology
Year of publication 2019
300 ## - PHYSICAL DESCRIPTION
Number of Pages 16-Feb
500 ## - GENERAL NOTE
General note Source Year: 2019
650 ## - SUBJECT ADDED ENTRY--TOPICAL TERM
Topical Term Corynespora leaf disease
650 ## - SUBJECT ADDED ENTRY--TOPICAL TERM
Topical Term Digital gene expression
650 ## - SUBJECT ADDED ENTRY--TOPICAL TERM
Topical Term Disease resistance proteins
650 ## - SUBJECT ADDED ENTRY--TOPICAL TERM
Topical Term RNA-Seq analysis
650 ## - SUBJECT ADDED ENTRY--TOPICAL TERM
Topical Term Rubber tree
700 ## - ADDED ENTRY--PERSONAL NAME
Personal name Liu H
700 ## - ADDED ENTRY--PERSONAL NAME
Personal name Rajamani A
700 ## - ADDED ENTRY--PERSONAL NAME
Personal name Saha T
856 ## - ELECTRONIC LOCATION AND ACCESS
Uniform Resource Identifier Online copy
942 ## - ADDED ENTRY ELEMENTS (KOHA)
Koha item type Journals
Holdings
Withdrawn status Lost status Damaged status Not for loan Home library Current library Shelving location Date acquired Serial Enumeration / chronology Koha item type
      Journals RRII Library RRII Library Pathology 01/01/2021 Volume 17, Issue Feb Journals